000 01817nam a22002777a 4500
001 000436
003 DO-SdBNP
005 20240904104121.0
007 000436
008 160829b 2007 sp ||||| |||| 00| 0 spa d
020 _a9788420470962
040 _aBPMSU
_bspa
_cBPMSU
082 4 _a808.83
_bS677m 2007
_222
092 _axxxxx
_bxxxxx
245 0 0 _aSobre la marcha /
_cSusan Sontag ... [et al.] ; traducción de Aurelio Major.
260 _aMadrid :
_bAlfaguara,
_c2007
300 _a274 p. :
_bil. ;
_c21 cm.
490 0 _aGranta en español,
_v7
505 0 _tDiario: de Paris a Nueva York /
_rSusan Sontag --
_tEl hijo del coronel: una de zombis /
_rRoberto Bolaño --
_tEl esclavo Henrique: el periplo de Elcano /
_rManuel Rivas --
_tEl mejor año de mi vida: un cuento en Puerto Rico /
_rPaul Theroux --
_tPolaroids /
_rBernardo Atxaga --
_tAdiós, Natalia: un cibercuento sobre Ucrania y Montana /
_r Michel Faber --
_tPaseando entre utopías fracasadas /
_rCésar Antonio Molina --
_tEl planeta de los judíos: un relato intergaláctico /
_rGary Shteyngart --
_tCatedrales: fotografías /
_rSantos Montes --
_tPortbou: Paracaidismo, portentos y pasatiempos con Benjamin /
_rMiguel Martínez-Lage --
_tPeregrina: resolana en Israel /
_rPatricia Hampl --
_tWhite sands /
_rGeoff Dyer --
_tUn camino equivocado /
_rHéctor Abad Faciolince --
_tApuntes desde la tierra de Nod: la lucha contra Morfeo /
_rJim Lewis --
_tVida imaginada: de Florencia a Buenos Aires a Caracas en la memoria /
_rAlejandro Rossi --
_tHistorias de la escuela /
_rKees Beekmans --
_tLa abadía de Northanger /
_r Martin Amis.
590 _aInventariado, 2024/VM
650 4 _aCuentos
_vColecciones
_c
700 1 _aSontag, Susan
_eautor
700 1 _aMajor, Aurelio
_etr.
910 _aVMateo V. Control de calidad. BPMSU
942 _2ddc
_cBK
999 _c11198
_d11198